Ingeniería de ríos

Gespeichert in:
Bibliographische Detailangaben
1. Verfasser: Martín Vide, Juan P. (autor)
Format: Buch
Sprache:Spanisch
Veröffentlicht: Ciudad de México Alfaomega 2003
Ausgabe:1a. ed
Schlagworte:
Tags: Tag hinzufügen
Keine Tags, Fügen Sie den ersten Tag hinzu!

MARC

LEADER 00000cam a2200000 a 4500
001 UCL2331
003 CL-VaPUC
008 031017e20030000MX |||||||||||||||||spa|d
020 |a 970150819X 
082 0 4 |a 627  |b MAR  |2 21 
100 |a Martín Vide, Juan P.  |e autor  |9 558102 
245 1 0 |a Ingeniería de ríos 
250 |a 1a. ed 
300 |a 331 p 
942 |c BK 
945 |d 20031017 00:00:00  |a cmena 
260 |a Ciudad de México  |b Alfaomega  |c 2003 
650 0 |a Ingeniería hidráulica  |9 260281 
650 0 |a Recursos hídricos  |9 346690 
650 0 |a Medio ambiente natural  |9 338575 
583 |a last modification  |c 20180315 09:42:09  |k Rodrigo Vera 
999 |c 305672  |d 305670 
952 |0 0  |1 0  |4 0  |6 627_000000000000000_MAR_2003  |7 0  |8 A  |9 369882  |a BIBING  |b BIBING  |d 2019-11-21  |i 3952053  |o 627 MAR 2003  |p 3952053  |r 2025-01-20  |w 2019-11-21  |y BK  |k CCL 
952 |0 0  |1 0  |4 0  |6 627_000000000000000_MAR_2003  |7 0  |8 A  |9 369883  |a BIBING  |b BIBING  |d 2019-11-21  |i 3960668  |l 4  |o 627 MAR 2003  |p 3960668  |r 2025-01-20  |s 2020-05-20  |w 2019-11-21  |y BK  |k CCL 
952 |0 0  |1 0  |4 0  |6 627_000000000000000_MAR_2003  |7 0  |8 A  |9 369884  |a BIBING  |b BIBING  |d 2019-11-21  |i 3960676  |o 627 MAR 2003  |p 3960676  |r 2025-01-20  |w 2019-11-21  |y BK  |k CCL 
952 |0 0  |1 0  |3 erb  |4 0  |6 627_000000000000000_MAR_2003  |7 0  |8 A  |9 369885  |a BIBING  |b BIBING  |i 5457122  |o 627 MAR 2003  |p 5457122  |r 2025-01-20  |w 2019-11-21  |y BK  |z Catalogado en:20180316  |k CCL